header

A book sale how-to guide (Record no. 246924)

MARC details
000 -LEADER
fixed length control field 01758nam a2200409 a 4500
082 04 - DEWEY DECIMAL CLASSIFICATION NUMBER
Classification number 025.1/1
100 1# - MAIN ENTRY--AUTHOR NAME
Personal name Ditzler, Pat.
245 12 - TITLE STATEMENT
Title A book sale how-to guide
260 ## - PUBLICATION, DISTRIBUTION, ETC. (IMPRINT)
Place of publication Chicago :
Name of publisher American Library Association,
Year of publication 2012.
300 ## - PHYSICAL DESCRIPTION
Number of Pages xiv, 97 p. :
Other physical details forms.
505 0# - FORMATTED CONTENTS NOTE
Formatted contents note The main attraction -- Setting the scene -- Directing the show -- Casting call -- Production -- Ticket price -- Venue and promotion -- Showtime -- Box office receipts -- Encore! Encore!.
650 #0 - SUBJECT ADDED ENTRY--TOPICAL TERM
Topical Term Library fund raising.
Topical Term Selling
Topical Term Friends of the library.
Topical Term Library fund raising
Topical Term Friends of the library
Topical Term Selling
Topical Term Libraries and community
700 1# - ADDED ENTRY--PERSONAL NAME
Personal name Dumas, JoAnn.
856 40 - ELECTRONIC LOCATION AND ACCESS
Uniform Resource Identifier http://site.ebrary.com/lib/rucke/Doc?id=10541132

No items available.

© 2026 Rongo University
Contact us: librarian | system librarian | Rongo university